G20 Women Empowerment and Tribal Development: (Record no. 205573)

MARC details
000 -LEADER
fixed length control field 00858nam a22002177a 4500
005 - DATE AND TIME OF LATEST TRANSACTION
control field 20240905112909.0
010 ## - LCCN (DPL NO)
LC control number ENG-141646
020 ## - INTERNATIONAL STANDARD BOOK NUMBER
International Standard Book Number 9789393934666
Terms of availability 1200.00
035 ## - SYSTEM CONTROL NUMBER
System control number EN-125178
037 ## - SOURCE OF ACQUISITION
Source of stock number/acquisition DBAD
082 ## - DEWEY DECIMAL CLASSIFICATION NUMBER
Classification number 320.954
Edition number 1
245 ## - TITLE STATEMENT
Title G20 Women Empowerment and Tribal Development:
Remainder of title A Trilogy/
Statement of responsibility, etc Edited By Anindya Guha; Renuca Rajni Beck Forword By Manas Chakrabarty
250 ## - EDITION STATEMENT
Edition statement 1
260 ## - PUBLICATION, DISTRIBUTION, ETC. (IMPRINT)
Place of publication, distribution, etc New Delhi
Name of publisher, distributor, etc Shandilya Publications
Date of publication, distribution, etc 2024
270 ## - ADDRESS
Address 760, Pocket-D, Lok Nayak Puram
City New Delhi
Postal code 110041
Telephone number 9811966858
-- 9560825474
-- 9999770680
Electronic mail address shandilyapublications@gmail.com
-- shandilyabooks@gmail.com
300 ## - PHYSICAL DESCRIPTION
Extent xxii,322p.
Dimensions 22cm(Hb)
700 ## - ADDED ENTRY--PERSONAL NAME
Personal name Guha, Anindya
Relator term Editor
9 (RLIN) 71077
700 ## - ADDED ENTRY--PERSONAL NAME
Personal name Beck, Renuca Rajni
Relator term Editor
9 (RLIN) 71078
700 ## - ADDED ENTRY--PERSONAL NAME
Personal name Chakrabarty, Manas
Relator term Forword
9 (RLIN) 71079
942 ## - ADDED ENTRY ELEMENTS (KOHA)
Source of classification or shelving scheme Dewey Decimal Classification
Item type English Books
Call number suffix G20
Classification part 320.954
Edition 1
Holdings
Withdrawn status Lost status Not for loan Collection code Home library Current library Date acquired Source of acquisition Cost, normal purchase price Full call number Barcode Copy number Cost, replacement price Koha item type
      Non-fiction D.B.Act.Division D.B.Act.Division 05/09/2024 Delivery of Books Act Division 1200.00 G20 320.954 EN-125178 1 1200.00 English Books

© Delhi Public Library
Hit Counter
free hit counter